[Event "FICGS unrated 00000 email"]
[Site "FICGS email"]
[Date "2010.06.20"]
[Round "1"]
[White "Gramajo, Francisco"]
[Black "Leclerc, Sophie"]
[Result "1-0"]
[WhiteElo "1248"]
[BlackElo "1688"]
[PlyCount "21"]
[EventDate "2010.??.??"]
[EventType "swiss (corr)"]
[EventRounds "1"]
[SourceTitle "Corr 2013"]
[Source "ChessBase"]
[SourceDate "2012.11.12"]
[SourceVersion "1"]
[SourceVersionDate "2012.11.12"]
[SourceQuality "1"]

1. Nf3 f5 2. Nc3 Nf6 3. d4 e6 4. Bg5 Be7 5. e3 0-0 6. h3 d5 7. Ne2 Nbd7 8. g4 Ne4 9. Bxe7 Qxe7 10. gxf5 Rxf5 11. Ng3 1-0

[Event "FICGS theme 0000 email"]
[Site "FICGS email"]
[Date "2009.07.16"]
[Round "1"]
[White "Koch, Christian"]
[Black "Leclerc, Sophie"]
[Result "1-0"]
[WhiteElo "2190"]
[BlackElo "1697"]
[PlyCount "23"]
[EventDate "2009.??.??"]
[EventType "swiss (corr)"]
[EventRounds "1"]
[SourceTitle "Corr 2022"]
[Source "ChessBase"]
[SourceDate "2021.10.24"]
[SourceVersion "1"]
[SourceVersionDate "2021.10.24"]
[SourceQuality "1"]

1. e4 e5 2. Nf3 Nf6 3. Nxe5 d6 4. Nxf7 Kxf7 5. d4 Qe8 6. Nc3 c6 7. Bd3 Na6 8. a3 Bg4 9. f3 Be6 10. 0-0 c5 11. d5 Bd7 12. Re1 1-0

[Event "FICGS unrated 00000 email"]
[Site "FICGS email"]
[Date "2009.07.03"]
[Round "1"]
[White "Neil, Charles"]
[Black "Leclerc, Sophie"]
[Result "1-0"]
[WhiteElo "1102"]
[BlackElo "1697"]
[PlyCount "21"]
[EventDate "2009.??.??"]
[EventType "swiss (corr)"]
[EventRounds "1"]
[SourceTitle "Corr 2022"]
[Source "ChessBase"]
[SourceDate "2021.10.24"]
[SourceVersion "1"]
[SourceVersionDate "2021.10.24"]
[SourceQuality "1"]

1. c4 c5 2. g3 Nf6 3. Bg2 e6 4. Nc3 d6 5. e4 Be7 6. Nge2 Nc6 7. d4 cxd4 8. Nxd4 Bd7 9. 0-0 0-0 10. Bf4 Nxd4 11. e5 1-0

[Event "FICGS rapid C 000073 email"]
[Site "FICGS email"]
[Date "2009.05.01"]
[Round "1"]
[White "Block, Benjamin"]
[Black "Leclerc, Sophie"]
[Result "1-0"]
[WhiteElo "1577"]
[BlackElo "1525"]
[PlyCount "49"]
[EventDate "2009.??.??"]
[EventType "tourn (rapid)"]
[EventRounds "4"]
[SourceTitle "Corr 2022"]
[Source "ChessBase"]
[SourceDate "2021.10.24"]
[SourceVersion "1"]
[SourceVersionDate "2021.10.24"]
[SourceQuality "1"]

1. e4 c5 2. Nf3 Nc6 3. d4 cxd4 4. Nxd4 Nf6 5. Nc3 Qb6 6. Nb3 d6 7. Bg5 e6 8. Qd2 Be7 9. 0-0-0 a6 10. f3 h6 11. Bxf6 gxf6 12. f4 Bd7 13. Be2 0-0-0 14. Na4 Qa7 15. Bh5 Rh7 16. Kb1 Kb8 17. a3 Rg7 18. Rhf1 Rdg8 19. g3 Nd8 20. Nc3 Nc6 21. Rf3 Qb6 22. Rd3 Bc8 23. Bf3 Rd8 24. Qg2 Bd7 25. Qh3 1-0

[Event "FICGS rapid C 000073 email"]
[Site "FICGS email"]
[Date "2009.05.01"]
[Round "1"]
[White "Leclerc, Sophie"]
[Black "Cridland, Graham M"]
[Result "1-0"]
[WhiteElo "1525"]
[BlackElo "1677"]
[PlyCount "27"]
[EventDate "2009.??.??"]
[EventType "tourn (rapid)"]
[EventRounds "4"]
[SourceTitle "Corr 2022"]
[Source "ChessBase"]
[SourceDate "2021.10.24"]
[SourceVersion "1"]
[SourceVersionDate "2021.10.24"]
[SourceQuality "1"]

1. e4 c5 2. f4 d6 3. Nc3 Nc6 4. Nf3 Nf6 5. Bb5 Qc7 6. e5 dxe5 7. fxe5 Ng4 8. d4 a6 9. Bxc6+ bxc6 10. h3 cxd4 11. Qxd4 c5 12. Qe4 f5 13. Qxa8 Nxe5 14. 0-0 1-0

[Event "FICGS theme 0000 email"]
[Site "FICGS email"]
[Date "2009.04.29"]
[Round "1"]
[White "Leclerc, Sophie"]
[Black "Skwarczylo, Marek"]
[Result "0-1"]
[WhiteElo "1525"]
[BlackElo "1982"]
[PlyCount "30"]
[EventDate "2009.??.??"]
[EventType "swiss (corr)"]
[EventRounds "1"]
[SourceTitle "Corr 2022"]
[Source "ChessBase"]
[SourceDate "2021.10.24"]
[SourceVersion "1"]
[SourceVersionDate "2021.10.24"]
[SourceQuality "1"]

1. d4 d5 2. e4 dxe4 3. Nc3 Bf5 4. f3 exf3 5. Nxf3 e6 6. Bd3 Bxd3 7. Qxd3 c6 8. 0-0 Nf6 9. Bf4 Be7 10. Ne5 0-0 11. Rf3 c5 12. Be3 cxd4 13. Bxd4 Nc6 14. Nxc6 bxc6 15. Rg3 c5 0-1

[Event "FICGS theme 0000 email"]
[Site "FICGS email"]
[Date "2009.04.29"]
[Round "1"]
[White "Yates, Normajean"]
[Black "Leclerc, Sophie"]
[Result "1-0"]
[WhiteElo "1966"]
[BlackElo "1525"]
[PlyCount "25"]
[EventDate "2009.??.??"]
[EventType "swiss (corr)"]
[EventRounds "1"]
[SourceTitle "Corr 2022"]
[Source "ChessBase"]
[SourceDate "2021.10.24"]
[SourceVersion "1"]
[SourceVersionDate "2021.10.24"]
[SourceQuality "1"]

1. d4 d5 2. e4 dxe4 3. Nc3 Nf6 4. f3 Bf5 5. fxe4 Nxe4 6. Qf3 Nd6 7. Bf4 Nc6 8. 0-0-0 Qc8 9. Qf2 h6 10. d5 Na5 11. Nf3 a6 12. Nd4 Bh7 13. Bd3 1-0

[Event "FICGS theme 0000 email"]
[Site "FICGS email"]
[Date "2009.04.14"]
[Round "1"]
[White "Domingo Gadea, Jordi"]
[Black "Leclerc, Sophie"]
[Result "1-0"]
[WhiteElo "2181"]
[BlackElo "1525"]
[PlyCount "43"]
[EventDate "2009.??.??"]
[EventType "swiss (corr)"]
[EventRounds "1"]
[SourceTitle "Corr 2022"]
[Source "ChessBase"]
[SourceDate "2021.10.24"]
[SourceVersion "1"]
[SourceVersionDate "2021.10.24"]
[SourceQuality "1"]

1. e4 e5 2. Nf3 f5 3. Nxe5 Nf6 4. exf5 Qe7 5. Qe2 d6 6. Nc4 Bxf5 7. Qxe7+ Bxe7 8. Ne3 Be6 9. d4 0-0 10. Bd3 Nc6 11. c3 Rae8 12. 0-0 d5 13. Nd2 g6 14. f4 Bd6 15. f5 Bd7 16. Nxd5 Nxd5 17. Bc4 Nce7 18. f6 b5 19. Bb3 Bc6 20. fxe7 Rxe7 21. Nf3 Kg7 22. Rf2 1-0

[Event "FICGS theme 0000 email"]
[Site "FICGS email"]
[Date "2009.04.14"]
[Round "1"]
[White "Leclerc, Sophie"]
[Black "Parmet, Daniel Edward"]
[Result "0-1"]
[WhiteElo "1525"]
[BlackElo "1814"]
[PlyCount "46"]
[EventDate "2009.??.??"]
[EventType "swiss (corr)"]
[EventRounds "1"]
[SourceTitle "Corr 2022"]
[Source "ChessBase"]
[SourceDate "2021.10.24"]
[SourceVersion "1"]
[SourceVersionDate "2021.10.24"]
[SourceQuality "1"]

1. e4 e5 2. Nf3 f5 3. Nc3 fxe4 4. Nxe4 d5 5. Ng3 e4 6. Nd4 Nf6 7. Bb5+ c6 8. Be2 c5 9. Ndf5 g6 10. Ne3 Nc6 11. d3 exd3 12. Qxd3 Bg7 13. 0-0 0-0 14. f4 Be6 15. f5 Bf7 16. a4 Qe7 17. Qa3 d4 18. Nc4 Nb4 19. Qb3 Ne4 20. Nxe4 Qxe4 21. Bd3 Qc6 22. Bd2 Nxd3 23. Qxd3 gxf5 0-1

[Event "FICGS class E 000104 email"]
[Site "FICGS email"]
[Date "2009.04.14"]
[Round "1"]
[White "Moreno, Ciro"]
[Black "Leclerc, Sophie"]
[Result "0-1"]
[WhiteElo "1400"]
[BlackElo "1525"]
[PlyCount "48"]
[EventDate "2009.??.??"]
[EventType "tourn (corr)"]
[EventRounds "5"]
[SourceTitle "Corr 2022"]
[Source "ChessBase"]
[SourceDate "2021.10.24"]
[SourceVersion "1"]
[SourceVersionDate "2021.10.24"]
[SourceQuality "1"]

1. c4 c5 2. Nc3 Nc6 3. g3 d6 4. Bg2 g6 5. Nf3 Bg7 6. Rb1 Nf6 7. d3 0-0 8. a3 d5 9. cxd5 Nxd5 10. Bd2 Nb6 11. Qc1 c4 12. dxc4 Nxc4 13. Bh6 Bf5 14. Bxg7 Kxg7 15. Ra1 N4a5 16. Qe3 Qb6 17. Qxb6 axb6 18. Nd2 Nd4 19. 0-0 Rfd8 20. e3 Nc2 21. Rad1 Bd3 22. Rc1 Bxf1 23. Nxf1 Nxa3 24. bxa3 Rac8 0-1

[Event "FICGS class D 000119 email"]
[Site "FICGS email"]
[Date "2009.04.12"]
[Round "1"]
[White "Jerez, Miriam"]
[Black "Leclerc, Sophie"]
[Result "0-1"]
[WhiteElo "1420"]
[BlackElo "1525"]
[PlyCount "58"]
[EventDate "2009.??.??"]
[EventType "tourn (corr)"]
[EventRounds "6"]
[SourceTitle "Corr 2022"]
[Source "ChessBase"]
[SourceDate "2021.10.24"]
[SourceVersion "1"]
[SourceVersionDate "2021.10.24"]
[SourceQuality "1"]

1. e4 e5 2. Nf3 Nc6 3. Nc3 Nf6 4. d4 exd4 5. Nxd4 Bb4 6. Bd2 Nxd4 7. Bc4 0-0 8. 0-0 Nc6 9. a3 Bxc3 10. Bxc3 Nxe4 11. Qd3 Nxc3 12. Qxc3 d5 13. Bb5 Ne7 14. Rfe1 c6 15. Bd3 Be6 16. Qe5 Qb6 17. Qe3 Qxe3 18. Rxe3 c5 19. Re5 c4 20. Be2 Nc6 21. Re3 a5 22. b4 axb4 23. a4 b5 24. g3 Rxa4 25. Rxa4 bxa4 26. Bf3 a3 27. Re1 Nd4 28. Bg2 Nxc2 29. Rc1 b3 0-1

[Event "FICGS W-ch st1 g07 email"]
[Site "FICGS email"]
[Date "2009.02.03"]
[Round "1"]
[White "Hase, Pavel"]
[Black "Leclerc, Sophie"]
[Result "1-0"]
[WhiteElo "2127"]
[BlackElo "1242"]
[PlyCount "41"]
[EventDate "2009.??.??"]
[EventType "tourn (corr)"]
[EventRounds "8"]
[SourceTitle "Corr 2022"]
[Source "ChessBase"]
[SourceDate "2021.10.24"]
[SourceVersion "1"]
[SourceVersionDate "2021.10.24"]
[SourceQuality "1"]

1. e4 e5 2. f4 exf4 3. Bc4 Nc6 4. d4 Qh4+ 5. Kf1 Nf6 6. Nf3 Qh6 7. Nc3 Be7 8. e5 Nh5 9. Rg1 g5 10. d5 Na5 11. Bd3 b6 12. g4 fxg3 13. hxg3 d6 14. exd6 cxd6 15. Qe2 Rg8 16. Bd2 Kf8 17. Re1 Bf6 18. Ne4 Bh3+ 19. Kf2 Re8 20. Rh1 Nf4 21. Qd1 1-0

[Event "FICGS W-ch st1 g07 email"]
[Site "FICGS email"]
[Date "2009.02.03"]
[Round "1"]
[White "Konig, Paul"]
[Black "Leclerc, Sophie"]
[Result "1-0"]
[WhiteElo "1790"]
[BlackElo "1242"]
[PlyCount "51"]
[EventDate "2009.??.??"]
[EventType "tourn (corr)"]
[EventRounds "8"]
[SourceTitle "Corr 2022"]
[Source "ChessBase"]
[SourceDate "2021.10.24"]
[SourceVersion "1"]
[SourceVersionDate "2021.10.24"]
[SourceQuality "1"]

1. c4 e5 2. Nc3 Nc6 3. g3 f5 4. d3 Nf6 5. Bg2 Bc5 6. e3 d6 7. Nge2 0-0 8. 0-0 Bd7 9. Nd5 a5 10. Nec3 Nxd5 11. Nxd5 Kh8 12. a3 Ne7 13. Nxe7 Qxe7 14. Bxb7 Rab8 15. Bg2 a4 16. d4 Ba7 17. dxe5 Qxe5 18. Qc2 Rb3 19. Rd1 Rfb8 20. Bd5 c6 21. Bf3 Qf6 22. Bg2 Qe6 23. Rd3 Rxd3 24. Qxd3 Rb3 25. Qc2 Bc5 26. Bd2 1-0

[Event "FICGS W-ch st1 g07 email"]
[Site "FICGS email"]
[Date "2009.02.03"]
[Round "1"]
[White "Leclerc, Sophie"]
[Black "Riline, Alejandro"]
[Result "1-0"]
[WhiteElo "1242"]
[BlackElo "2189"]
[PlyCount "105"]
[EventDate "2009.??.??"]
[EventType "tourn (corr)"]
[EventRounds "8"]
[SourceTitle "Corr 2022"]
[Source "ChessBase"]
[SourceDate "2021.10.24"]
[SourceVersion "1"]
[SourceVersionDate "2021.10.24"]
[SourceQuality "1"]

1. e4 c5 2. Nf3 d6 3. d4 cxd4 4. Nxd4 Nf6 5. Nc3 g6 6. Be3 Bg7 7. Be2 0-0 8. Qd2 Ng4 9. Bxg4 Bxg4 10. f3 Bd7 11. h4 Nc6 12. 0-0-0 Rc8 13. h5 Ne5 14. b3 Qa5 15. Nd5 Qxd2+ 16. Rxd2 Rfe8 17. hxg6 hxg6 18. Ne2 b6 19. Bh6 Bxh6 20. Rxh6 Kg7 21. Rh1 b5 22. Kb2 Bc6 23. Nec3 a6 24. a3 Bxd5 25. Nxd5 Nd7 26. c3 Nf6 27. Nb4 a5 28. Nc2 Rc5 29. b4 Rc7 30. g4 Rec8 31. bxa5 Rxc3 32. Rf1 R3c7 33. a6 Nd7 34. Nb4 Nc5 35. Rh2 Rh8 36. Rxh8 Kxh8 37. Rc1 Kg7 38. e5 dxe5 39. Kb1 Ne6 40. Nc6 Rc8 41. a7 Ra8 42. Rd1 Nd4 43. Nxe5 f6 44. Rxd4 fxe5 45. Rd7 Kf7 46. Kb2 Ke6 47. Rb7 Kd6 48. Kb3 e6 49. Kb4 Kc6 50. Rg7 g5 51. Ka5 Rf8 52. Ka6 Ra8 53. Rb7 1-0

[Event "FICGS theme 0000 email"]
[Site "FICGS email"]
[Date "2009.01.23"]
[Round "1"]
[White "Marques, Joao"]
[Black "Leclerc, Sophie"]
[Result "0-1"]
[WhiteElo "1478"]
[BlackElo "1242"]
[PlyCount "40"]
[EventDate "2009.??.??"]
[EventType "swiss (corr)"]
[EventRounds "1"]
[SourceTitle "Corr 2022"]
[Source "ChessBase"]
[SourceDate "2021.10.24"]
[SourceVersion "1"]
[SourceVersionDate "2021.10.24"]
[SourceQuality "1"]

1. e4 e5 2. d4 exd4 3. f4 Nc6 4. Nf3 Bc5 5. Bd3 Nf6 6. 0-0 0-0 7. Nbd2 d6 8. Nb3 Bb6 9. e5 Ng4 10. exd6 Qxd6 11. Kh1 Ne3 12. Bxe3 dxe3 13. Ng5 h6 14. Ne4 Qe7 15. Qh5 Nb4 16. f5 Nxd3 17. cxd3 Qe5 18. Rab1 Bd7 19. Qf3 Bb5 20. Rbd1 Rad8 0-1

[Event "FICGS theme 0000 email"]
[Site "FICGS email"]
[Date "2009.01.08"]
[Round "1"]
[White "Schuett, Wilhelm"]
[Black "Leclerc, Sophie"]
[Result "0-1"]
[WhiteElo "1800"]
[BlackElo "1242"]
[PlyCount "102"]
[EventDate "2009.??.??"]
[EventType "swiss (corr)"]
[EventRounds "1"]
[SourceTitle "Corr 2022"]
[Source "ChessBase"]
[SourceDate "2021.10.24"]
[SourceVersion "1"]
[SourceVersionDate "2021.10.24"]
[SourceQuality "1"]

1. d4 Nf6 2. c4 e6 3. g3 Nc6 4. Nf3 d5 5. Nbd2 Bd6 6. Bg2 b6 7. 0-0 Bb7 8. Re1 0-0 9. e4 dxe4 10. Nxe4 Nxe4 11. Rxe4 Na5 12. Rh4 Be7 13. Rh3 h6 14. b3 Bf6 15. Bb2 Qd6 16. Ne5 Bxg2 17. Kxg2 Rad8 18. Qe2 Nc6 19. Re1 Bxe5 20. dxe5 Qd2 21. Ba3 Rfe8 22. g4 Rd4 23. Rg3 Qxe2 24. Rxe2 Rd1 25. Bb2 Nb4 26. Bc3 Nd3 27. Rd2 Rxd2 28. Bxd2 Rd8 29. Be3 Nxe5 30. Bf4 Nc6 31. Bxc7 Rd2 32. a3 e5 33. b4 Rd7 34. b5 Rxc7 35. bxc6 Rxc6 36. Rc3 Rc5 37. a4 a6 38. Kf3 b5 39. axb5 axb5 40. Ke3 bxc4 41. h4 f6 42. h5 Kf7 43. Kf3 Ke6 44. Ke4 Rc7 45. f3 Kd6 46. Rc1 Kc5 47. Rb1 Rd7 48. Kf5 c3 49. Ke6 Ra7 50. Kf5 Kc4 51. Kg6 c2 0-1

[Event "FICGS rapid E 000008 email"]
[Site "FICGS email"]
[Date "2009.01.03"]
[Round "1"]
[White "Leclerc, Sophie"]
[Black "Leurette, Marc Antoine"]
[Result "1-0"]
[WhiteElo "1242"]
[BlackElo "1299"]
[PlyCount "55"]
[EventDate "2009.??.??"]
[EventType "tourn (rapid)"]
[EventRounds "6"]
[SourceTitle "Corr 2022"]
[Source "ChessBase"]
[SourceDate "2021.10.24"]
[SourceVersion "1"]
[SourceVersionDate "2021.10.24"]
[SourceQuality "1"]

1. h4 e5 2. e3 d5 3. d4 Nc6 4. dxe5 Nxe5 5. Nf3 Bd6 6. Be2 Nf6 7. Nxe5 Bxe5 8. Nd2 Be6 9. Nf3 0-0 10. Nxe5 Nd7 11. Nxd7 Qxd7 12. h5 h6 13. Bd2 c5 14. 0-0 Rae8 15. b4 b6 16. bxc5 bxc5 17. Bc3 Bf5 18. Rb1 Rd8 19. Rb5 Rc8 20. Qd2 Be4 21. f3 Bf5 22. Be5 Rc6 23. Rd1 Qe7 24. Qxd5 Rd8 25. Qxd8+ Qf8 26. Qxf8+ Kxf8 27. e4 Bd7 28. Rxd7 1-0